Statystyki dla Jakie to państwo? - rozsypanka literowa #2

Kliknij tutaj aby rozwiązać quiz!

Ogólne statystyki

  • Ten quiz został rozwiązany 237 razy
  • Średni wynik to 16 z 21

Statystyki odpowiedzi

RozsypankaPaństwo% Poprawnych
CEZCYHCzechy
99%
LEIAGBBelgia
95%
HOCWACJARChorwacja
95%
CMYIENNiemcy
93%
TASNY ENJZENDOOZCStany Zjednoczone
87%
DANAAKKanada
86%
URJACTTurcja
85%
REAKO OŁPWAOUDINKorea Południowa
83%
IKAUBLPER SAKŃAYKARFŚDROWORepublika
Środkowoafrykańska
81%
YSYWP LALAAMRSHWyspy Marshalla
80%
ZCANYTDEKOMA ILAKEUPR GANOKDemokratyczna
Republika Konga
73%
ERRAIES LEEONSierra Leone
72%
IWNAEG UBASISGwinea Bissau
71%
YDDATRYIN I OGOABTTrynidad i Tobago
70%
LUAIBMKOKolumbia
66%
TOIIPAEEtiopia
65%
KITASNAPPakistan
65%
TOAINESEstonia
62%
AANWTOBSBotswana
61%
URPAGNISSingapur
58%
AIIUSTRMMauritius
29%

Rozkład punktacji

Percentyl według liczby udzielonych odpowiedzi

Procent ludzi z każdym wynikiem

Twoja historia wyników

Nie rozwiązałeś tego quizu